Statistiques concernant Les sacrements de l'église catholique

Cliquez ici pour prendre le quiz!

Statistiques générales

  • Ce quiz a été pris 165 fois
  • Le résultat moyen est 5 sur 7

Statistiques - réponses

Réponse% Correct
Baptème
98%
Mariage
92%
Communion
90%
Confirmation
88%
Extrême Onction
61%
Réconciliation
51%
Ordre
36%

Distribution des résultats

Percentile par nombre de réponses

% des personnes avec chaque résultat

Votre développement - résultats

Vous n’avez pas pris ce quiz